| 000 | 00631nam a22002297a 4500 | ||
|---|---|---|---|
| 008 | 151015b xxu||||| |||| 00| 0 eng d | ||
| 020 | _a0538867701 | ||
| 041 | 0 | _aeng | |
| 080 | _a656.07 | ||
| 100 | 1 | _aAssael, Henry. | |
| 245 | 1 | 0 |
_aConsumer behavior and marketing action / _cHenry Assael. |
| 246 | 3 | 0 | _aConsumer behavior |
| 250 | _a6th ed. | ||
| 260 |
_aCincinnati, Ohio : _bSouth-Western College Pub., _cc1998. |
||
| 300 |
_axviii, 718 f. : _bme il.; _e24 cm. |
||
| 650 | 0 | _aSjellja konsumatore | |
| 650 | 0 | _aMotivimi | |
| 650 | 0 | _aSjellja organizative | |
| 650 | 0 | _aMarketing | |
| 650 | 0 | _aHulumtim | |
| 942 |
_2udc _cBK |
||
| 999 |
_c1282 _d1282 |
||